|
|
|
|
| LEADER |
00954nam a22002657a 4500 |
| 001 |
AAL7269 |
| 003 |
BD-DhAAL |
| 005 |
20160428131041.0 |
| 008 |
160428s20102002bg ||||| |||| 00| 0 eng d |
| 020 |
|
|
|a 9843408153
|
| 040 |
|
|
|a BD-DhAAL
|c BD-DhAAL
|
| 082 |
|
|
|a 428.2
|
| 100 |
|
|
|a Billah, Quazi Mostain
|9 19339
|
| 245 |
|
|
|a Foundation English for undergraduates /
|c Quazi Mostain Billah, Golam Sarwar Chowdhury and Monjurul Alam
|
| 260 |
|
|
|a Dhaka :
|b Friend's Book,
|c 2010
|
| 300 |
|
|
|a viii, 256 p. ;
|c 25 cm
|
| 541 |
|
|
|e 7269
|
| 650 |
|
|
|a English language
|x Grammar
|9 19340
|
| 650 |
|
|
|a English language
|x Rhetoric
|9 19341
|
| 700 |
|
|
|a Chowdhury, Golam Sarwar
|9 19342
|
| 700 |
|
|
|a Alam, Monjurul
|9 19343
|
| 852 |
|
|
|a Savar Campus Library
|c General Shelf
|
| 942 |
|
|
|2 ddc
|c BK
|
| 999 |
|
|
|c 37502
|d 37502
|
| 952 |
|
|
|0 0
|1 0
|2 ddc
|4 0
|6 428_200000000000000_BIL
|7 0
|9 58893
|a SCL
|b SCL
|c GEN
|d 2016-04-28
|g 150.00
|l 0
|o 428.2 BIL
|p 3020007269
|r 2016-04-28
|t 1
|w 2016-04-28
|y BK
|